000 00345nam a2200133 i 4500
001 bg
100 1 _aHeisenberg, Werner
_d(1901-1976).
245 0 _aCzęść i całość :
_brozmowy o fizyce atomu /
_cW. Heisenberg.
260 _aWarszawa,
_c1987.
040 _cBPK
041 _apol
942 _cKS
008 s pl f |000 0 pol
999 _c23664
_d23664
856 _uhttp://koha.tu.koszalin.pl/cgi-bin/koha/opac-detail.pl?biblionumber=23664
_yKatalog online BPK